Normal view
MARC view
- Fashion designers
Entry Geographic Name
001 - CONTROL NUMBER
- control field: 120577
003 - CONTROL NUMBER IDENTIFIER
- control field: NUST
005 - DATE AND TIME OF LATEST TRANSACTION
- control field: 20240215141946.0
008 - FIXED-LENGTH DATA ELEMENTS
- fixed length control field: 240215|| aca||aabn | a|a d
040 ## - CATALOGING SOURCE
- Original cataloging agency: NUST
- Transcribing agency: NUST
151 ## - HEADING--GEOGRAPHIC NAME
- Geographic name: Fashion designers
670 ## - SOURCE DATA FOUND
- Source citation: Work cat.: (NUST): Teng,Yeohlee. 120575, Yeohlee :, 2003.
